1293 1333 1618 1232 1260 1466 1496 1771 1958 1215 1829 1404 1968 1905 1588 1165 1000 1901 1961 1046 1018 1189 1673 1530 1601 1512 1201 1284 1210 1381 1068 1680 1044 1689 1714 1225 1248 1246 1374 1552 1523 1404 1981 1894 1879 1991 1820 1017 1251 1869 1441 1697 1507 1611 1721 1857 1226 1968 1951 1399 1135 1777 1059 1819 1500 1275 1781 1631 1916 1169 1403 1880 1288 1838 1708 1067 1626 1798 1639 1997 1303 1080 1244 1372 1952 1796 1568 1986 1522 1094 1059 1072 1007 1372 1487 1785 1641 1874 1576 BCNSPRNW ULIB Ver.6.0+V

เปลี่ยนเป็นภาษาไทย

Change to English
 แสดงรายละเอียดบรรณานุกรม
  กลับหน้าหลัก

Brief Record : Get Marc (ISO 2709) : E-mail record : QR code < ปิดหน้าต่าง
LEADER : 00000nam 2200000uu 4500
001    13399126013
003     ULIB
008    180427s2559||||th 000 0 tha d
020    ^a9786160027354
050    ^aนว^bพ289ภ
100  0  ^aพรรณสิริ.
245  1  ^aภูผามังกร /^cพรรณสิริ.
250    ^aพิมพ์ครั้งที่ 1.
260    ^aกรุงเทพฯ :^bPrincess,^c2559.
300    ^a419 หน้า ;^c21 ซม.
490  1  ^aชุดจอมใจพยัคฆ์
830    0 ^aชุดจอมใจพยัคฆ์.
850    ^aมบ.
945    ^p300^l0^i003427
999    ^aประนอม เกษจรัล
รายการนี้ยังไม่มีแท็ก
คุณยังไม่ได้ล็อกอิน คุณสามารถมีกิจกรรมร่วมกับเว็บไซต์ได้ แต่ต้องล็อกอินก่อน ::
  ล็อกอิน

รายการสื่อสารสนเทศ

ลำดับที่ ประเภท เลขเรียก/บาร์โค้ด สถานที่ สถานะ
1. นวนิยาย
นวนิยาย
นว พ289ภ ฉ.1 
  Barcode: 003427
ห้องสมุดวิทยาเขตนครสวรรค์
►นวนิยาย:l:Fiction
บนชั้น

BibComment


ยังไม่เคยถูกคอมเมนท์

คอมเมนท์ทรัพยากรรายการนี้
  คอมเมนท์: ภูผามังกร พรร..


 Copyright 2026. Bcnsprnw @Library